书目信息 |
| 题名: |
朝阳交通志
|
|
| 作者: | 郝向东 主编 ;朝阳交通志编审委员会 编 | |
| 分册: | ||
| 出版信息: | 北京 人民交通出版社股份有限公司 2018 |
|
| 页数: | 11,957页 | |
| 开本: | 29cm | |
| 丛书名: | 辽宁交通史志丛书 | |
| 单 册: | ||
| 中图分类: | F512.731.3 | |
| 科图分类: | ||
| 主题词: | 交通运输业--概况--朝阳 | |
| 电子资源: | ||
| ISBN: | 978-7-114-14606-0 | |
| 000 | 01206oam2 2200301 450 | |
| 001 | 202019134589 | |
| 005 | 20191002113834.0 | |
| 010 | @a978-7-114-14606-0@b精装@dCNY385.00 | |
| 100 | @a20190929d2018 emky0chiy50 ea | |
| 101 | 0 | @achi |
| 102 | @aCN@b110000 | |
| 105 | @aab igz 000yd | |
| 106 | @ar | |
| 200 | 1 | @a朝阳交通志@AChao Yang Jiao Tong Zhi@f《朝阳交通志》编审委员会编 |
| 210 | @a北京@c人民交通出版社股份有限公司@d2018 | |
| 215 | @a11,957页@c图,照片,地图@d29cm | |
| 225 | 1 | @a辽宁交通史志丛书@ALiao Ning Jiao Tong Shi Zhi Cong Shu |
| 225 | 1 | @a朝阳市交通史志丛书@AChao Yang Shi Jiao Tong Shi Zhi Cong Shu@f郝向东主编 |
| 314 | @a主编:郝向东 | |
| 330 | @a本书全面、系统地记述了朝阳地区交通演变历程,并着重记载了中华人民共和国成立后交通事业发展变化所取得的辉煌业绩。本书记述内容以公路交通为主,涵盖铁路、民航、水运、邮电诸方面。 | |
| 410 | 0 | @12001 @a辽宁交通史志丛书 |
| 410 | 0 | @12001 @a朝阳市交通史志丛书 |
| 606 | 0 | @a交通运输业@x概况@y朝阳 |
| 690 | @aF512.731.3@v5 | |
| 701 | 0 | @a郝向东@AHao Xiang Dong@4主编 |
| 712 | 02 | @a朝阳交通志编审委员会@AChao Yang Jiao Tong Zhi Bian Shen Wei Yuan Hui@4编 |
| 801 | 0 | @aCN@c20190905 |
| 905 | @a河南城建学院图书馆@dF512.731.3@eH143 | |
| 朝阳交通志/《朝阳交通志》编审委员会编.-北京:人民交通出版社股份有限公司,2018 |
| 11,957页:图,照片,地图;29cm.-(辽宁交通史志丛书).-(朝阳市交通史志丛书/郝向东主编) |
| ISBN 978-7-114-14606-0(精装):CNY385.00 |
| 本书全面、系统地记述了朝阳地区交通演变历程,并着重记载了中华人民共和国成立后交通事业发展变化所取得的辉煌业绩。本书记述内容以公路交通为主,涵盖铁路、民航、水运、邮电诸方面。 |
| ● |
| 相关链接 |
|
|
|
正题名:朝阳交通志
索取号:F512.731.3/H143
 
预约/预借
| 序号 | 登录号 | 条形码 | 馆藏地/架位号 | 状态 | 备注 |
| 1 | 1442744 | 214427440 | 社科库409/409社科库 37排6列5层/ [索取号:F512.731.3/H143] | 在馆 |